[Event "Hannover-chB"]
[Site "Lehrte"]
[Date "2011.10.17"]
[Round "5"]
[White "Polenz, Frederik"]
[Black "Lierath, Michael"]
[Result "1-0"]
[WhiteElo "1715"]
[BlackElo "1681"]
[PlyCount "43"]
[EventDate "2011.10.15"]
[EventType "swiss"]
[EventRounds "7"]
[EventCountry "GER"]
[SourceTitle "EXT 2021"]
[Source "ChessBase"]
[SourceDate "2020.10.23"]
[SourceVersion "1"]
[SourceVersionDate "2020.10.23"]
[SourceQuality "1"]

1. f4 d5 2. b3 Nf6 3. e3 Bf5 4. Nf3 e6 5. Bb2 Nbd7 6. Be2 Bc5 7. 0-0 Qe7 8. d4 Bb4 9. c3 Bd6 10. c4 c6 11. Ne5 0-0-0 12. Nc3 Ne4 13. a4 f6 14. Nd3 a5 15. c5 Bc7 16. b4 axb4 17. Nxb4 g5 18. a5 Nxc3 19. Bxc3 Bxa5 20. Rxa5 Rdg8 21. Qa4 Kc7 22. Ra7 1-0

[Event "Hannover-chB"]
[Site "Lehrte"]
[Date "2011.10.16"]
[Round "3"]
[White "Nuelle, Sascha"]
[Black "Lierath, Michael"]
[Result "1-0"]
[WhiteElo "1745"]
[BlackElo "1681"]
[PlyCount "105"]
[EventDate "2011.10.15"]
[EventType "swiss"]
[EventRounds "7"]
[EventCountry "GER"]
[SourceTitle "EXT 2021"]
[Source "ChessBase"]
[SourceDate "2020.10.23"]
[SourceVersion "1"]
[SourceVersionDate "2020.10.23"]
[SourceQuality "1"]

1. Nf3 Nc6 2. d4 d5 3. e3 Nf6 4. Be2 e6 5. 0-0 Be7 6. c4 0-0 7. Nc3 Bd7 8. a3 a5 9. b3 Na7 10. Ne5 c6 11. Bb2 b6 12. Bf3 Rb8 13. e4 Bc8 14. Re1 Ba6 15. a4 Bb4 16. Re3 Qc7 17. cxd5 exd5 18. exd5 c5 19. dxc5 Bxc5 20. Re1 Rbd8 21. Rc1 Bb7 22. Nc4 Qf4 23. Ne2 Qh4 24. g3 Qg5 25. Nf4 Nc8 26. Ne3 Ne7 27. h4 Qh6 28. Kg2 Bxe3 29. Rxe3 Nexd5 30. Nxd5 Nxd5 31. Rd3 Qe6 32. Kh2 f5 33. Bxd5 Rxd5 34. Rc7 Rf7 35. Rxb7 Rxd3 36. Rb8+ Rf8 37. Rxf8+ Kxf8 38. Qxd3 Kf7 39. Qd4 Qxb3 40. Qxg7+ Ke8 41. Qe5+ Kd8 42. Qd4+ Kc7 43. Qc3+ Qxc3 44. Bxc3 Kc6 45. Bd4 b5 46. axb5+ Kxb5 47. Kg2 Kc4 48. Ba1 Kd5 49. Kf3 Ke6 50. Kf4 a4 51. Kg5 Kf7 52. Kxf5 a3 53. g4 1-0

[Event "Hannover-chB"]
[Site "Lehrte"]
[Date "2011.10.15"]
[Round "2"]
[White "Lierath, Michael"]
[Black "Von Muenchhausen, Joerg"]
[Result "1-0"]
[WhiteElo "1681"]
[BlackElo "1497"]
[PlyCount "63"]
[EventDate "2011.10.15"]
[EventType "swiss"]
[EventRounds "7"]
[EventCountry "GER"]
[SourceTitle "EXT 2021"]
[Source "ChessBase"]
[SourceDate "2020.10.23"]
[SourceVersion "1"]
[SourceVersionDate "2020.10.23"]
[SourceQuality "1"]

1. e4 c5 2. Nf3 Nc6 3. d4 cxd4 4. Nxd4 Nf6 5. Nc3 e5 6. Nb3 Bb4 7. Bc4 Nxe4 8. Bxf7+ Kxf7 9. Qd5+ Ke8 10. Qxe4 Bxc3+ 11. bxc3 d5 12. Qe2 Bf5 13. 0-0 Rf8 14. Ba3 Rf6 15. Nd4 Kf7 16. Nxc6 bxc6 17. Qxe5 Bxc2 18. Rfe1 Qd7 19. Qd4 Re6 20. Qf4+ Kg8 21. Qd2 Bf5 22. Rxe6 Bxe6 23. Bc5 Re8 24. h4 Bf7 25. Qg5 Qd8 26. Qg3 a6 27. Bd4 g6 28. Rb1 h5 29. Qf4 Qe7 30. Qh6 Be6 31. Qh8+ Kf7 32. Qg7# 1-0